000 01190 a2200169 4500
003 Nust
005 20230131134734.0
040 _cNust
082 _a808.83,POE
100 _aPoe, Edgar Allan
_91272
245 _aEvery Man"s Library /
_cEdgar Allan Poe and Edit: Ernest Rhys
260 _aNew York
_bJ.M.Dent & Son
300 _a526:
505 _aWWilliam Wilson (Page-3), A Talks of The Ragged Mountains (Page-21), The Domain of Arnheim (Page-45), Landor’s Cottage (Page-45), The Elk (Page-56),The Island of The Fax (Page-60), The Sphinx (Page-65), The Cold Bug (Page-69), The Man of The Growd (Page-101), Shadow (Page-109), Silenck (Page-111), The Assignation (Page-145), Ligeia (Page-155), Mrella (Page-182), The oval Portrait (Page-187), The Masque of The Red Death (Page-201), The Cask of Amontillado (Page-207), Metzengerstein (Page-213), Hope Frog (Page-234),MS Found in a Bottle (Page-258), The Premature Burial (Page-268), The Tell Tale Heart (Page-289), Mellonta Tauta (Page-294), The Oblong Box (Page-323), The Spectacles (Page-333), Bon Bon (Page-496),The Drvil The Belfry (page-511) The Black Cat (Page-518)
650 _aFiction
_93172
942 _2ddc
_cBK
_k808.83,POE
999 _c188271
_d188271